000 00758nas a2200253 454500
001 38679
005 20260407193510.0
008 260407s ####ag###########|||spa#d
003 AR-UNSa-BCEJYS
040 _aAR-UNSa-BCEJYS
_bspa
_cAR-UNSa-BCEJYS
080 _a070
_xPeriódicos. La prensa. Periodismo
245 1 0 _aEl inversor
_penergético & minero
264 1 _aBuenos Aires :
_bPGP
310 _aFrecuencia: Irregular
041 _aspa
942 _cSER
590 _aniveau_biblio:s niveau_hierar:1
100 1 _aVadone, Francisco
650 _aINVERSIONES
650 _aMinería
650 _aEnergía eléctrica
650 _aPeríodico
856 4 1 _uhttps://biblioeco.unsa.edu.ar/pmb/images/revistas/ElInversor.jpg
_yImagen de portada
_qimage/jpeg
999 _c8825
_d8825